Every Irish International Footballer between 2000-2025 - Statistics

General Stats
  • This quiz has been taken 7 times
  • The average score is 62 of 191
Answer Stats
Total Caps Most Recent (up to 2025) Player % Correct
67 2005 Roy Keane
100%
32 2017 Daryl Murphy
83%
26 2025 Evan Ferguson
83%
2 2010 Joe Murphy
83%
1 2007 Peter Murphy
83%
146 2016 Robbie Keane
83%
5 2023 William Keane
83%
6 2025 Aiden O'Brien
67%
34 2001 Alan Kelly
67%
5 2007 Alan O'Brien
67%
8 2007 Alan Quinn
67%
26 2006 Andy O'Brien
67%
4 2000 Barry Quinn
67%
38 2024 Callum Robinson
67%
31 2025 Caoimhin Kelleher
67%
36 2006 Clinton Morrison
67%
52 2002 Gary Kelly
67%
91 2019 Glenn Whelan
67%
15 2025 Jake O'Brien
67%
14 2021 James Collins
67%
3 2025 James Dunne
67%
5 2012 Joey O'Brien
67%
38 2025 Nathan Collins
67%
91 2002 Niall Quinn
67%
80 2013 Richard Dunne
67%
72 2025 Robbie Brady
67%
134 2016 Shay Given
67%
6 2007 Stephen Ireland
67%
39 2014 Stephen Kelly
67%
18 2016 Stephen Quinn
67%
102 2002 Steve Staunton
67%
10 2006 Alan Lee
50%
30 2013 Andy Keogh
50%
29 2013 Andy Reid
50%
32 2025 Chiedozie Ogbene
50%
36 2021 Ciaran Clarke
50%
2 2004 Clive Clarke
50%
100 2012 Damien Duff
50%
43 2025 Dara O'Shea
50%
14 2020 David McGoldrick
50%
3 2018 Declan Rice
50%
26 2023 Enda Stevens
50%
34 2005 Gary Doherty
50%
64 2007 Ian Harte
50%
11 2025 Jack Taylor
50%
43 2020 James McCarthy
50%
1 2025 Johnny Kenny
50%
118 2018 John O'Shea
50%
1 2003 John Thompson
50%
54 2018 Jon Walters
50%
35 2012 Keith Andrews
50%
110 2011 Kevin Kilbane
50%
17 2020 Kevin Long
50%
21 2009 Liam Miller
50%
25 2016 Marc Wilson
50%
53 2025 Matt Doherty
50%
3 2009 Noel Hunt
50%
7 2006 Paddy Kenny
50%
22 2014 Paul Green
50%
35 2002 Phil Babb
50%
26 2019 Richard Keogh
50%
77 2025 Seamus Coleman
50%
61 2024 Shane Duffy
50%
88 2021 Shane Long
50%
44 2007 Stephen Carr
50%
39 2012 Stephen Hunt
50%
50 2018 Stephen Ward
50%
53 2008 Steve Finnan
50%
23 2008 Steven Reid
50%
35 2025 Troy Parrott
50%
9 2023 Aaron Connolly
33%
93 2017 Aiden McGeady
33%
39 2025 Alan Browne
33%
9 2014 Anthony Stokes
33%
4 2018 Colin Doyle
33%
13 2003 Colin Healy
33%
36 2022 Conor Hourihane
33%
30 2022 Cyrus Christie
33%
9 2014 Damien Delaney
33%
50 2020 Darren Randolph
33%
27 2016 Darron Gibson
33%
41 2005 David Connolly
33%
24 2016 David Forde
33%
26 2018 David Meyler
33%
3 2019 Derrick Williams
33%
22 2024 Gavin Bazunu
33%
19 2021 Harry Arter
33%
4 2020 Jack Byrne
33%
103 2023 James McClean
33%
13 2024 Jamie McGrath
33%
2 2006 Jason Byrne
33%
42 2025 Jason Knight
33%
52 2004 Jason McAteer
33%
38 2025 John Egan
33%
8 2025 Kasey McAteer
33%
63 2017 Kevin Doyle
33%
34 2002 Mark Kennedy
33%
48 2004 Mark Kinsella
33%
1 2024 Mark McGuinness
33%
49 2005 Matt Holland
33%
1 2004 Michael Doyle
33%
23 2025 Ryan Manning
33%
11 2020 Sean Maguire
33%
37 2013 Sean St Ledger
33%
3 2018 Shaun Williams
33%
1 2023 Sinclair Armstrong
33%
42 2000 Terry Phelan
33%
15 2025 Will Smallbone
33%
39 2025 Adam Idah
17%
9 2019 Alan Judge
17%
2 2000 Alan Mahon
17%
9 2017 Alex Pearce
17%
3 2025 Andrew Moran
17%
10 2024 Andrew Omobamidele
17%
7 2009 Caleb Folan
17%
32 2024 Callum O'Dowda
17%
3 2010 Cillian Sheridan
17%
1 2022 CJ Hamilton
17%
9 2013 Conor Sammon
17%
20 2013 Darren O'Dea
17%
5 2008 Darren Potter
17%
17 2021 Daryl Horgan
17%
11 2008 Dean Kiely
17%
6 2000 Dominic Foley
17%
7 2017 Eunan O'Kane
17%
13 2025 Festy Ebosele
17%
14 2025 Finn Azaz
17%
63 2006 Gary Breen
17%
3 2018 Graham Burke
17%
4 2013 Greg Cunningham
17%
34 2025 Jayson Molumby
17%
79 2023 Jeff Hendrick
17%
1 2025 John Patrick
17%
47 2025 Josh Cullen
17%
72 2005 Kenny Cunningham
17%
8 2011 Kevin Foley
17%
21 2017 Kieren Westwood
17%
3 2025 Killian Phillips
17%
39 2008 Lee Carsley
17%
1 2019 Lee O'Connor
17%
7 2010 Leon Best
17%
14 2025 Liam Scales
17%
5 2025 Mark Travers
17%
1 2025 Max O'Leary
17%
12 2024 Michael Obafemi
17%
19 2025 Mikey Johnston
17%
33 2016 Paul McShane
17%
11 2004 Rory Delap
17%
12 2025 Sammy Szmodics
17%
12 2022 Scott Hogan
17%
30 2014 Simon Cox
17%
4 2017 Stephen Gleeson
17%
2 2024 Thomas Cannon
17%
43 2017 Wes Hoolahan
17%
2 2007 Alan Bennett
0%
10 2005 Alan Maybury
0%
2 2008 Alex Bruce
0%
1 2017 Andrew Boyle
0%
9 2016 Anthony Pilkington
0%
1 2025 Conor Coventry
0%
4 2023 Darragh Lenihan
0%
3 2009 Eddie Nolan
0%
6 2000 Gareth Farrelly
0%
2 2003 Glen Crowe
0%
6 2004 Graham Barrett
0%
16 2006 Graham Kavanagh
0%
1 2002 Jim Goodwin
0%
2 2007 Joe Gamble
0%
1 2007 Joe Lapira
0%
2 2007 Joe O'Cearuill
0%
9 2007 Jonathan Douglas
0%
1 2004 Jon Macken
0%
4 2017 Jonny Hayes
0%
16 2012 Keith Fahey
0%
6 2011 Keith Treacy
0%
2 2019 Kieran O'Hara
0%
15 2011 Liam Lawrence
0%
5 2009 Mark Rowlands
0%
7 2025 Mark Sykes
0%
9 2007 Nick Colgan
0%
1 2013 Paddy Madden
0%
1 2000 Paul Butler
0%
1 2002 Richie Sadlier
0%
4 2016 Rob Elliot
0%
1 2025 Rocco Vata
0%
7 2021 Ronan Curtis
0%
9 2006 Stephen Elliott
0%
10 2004 Stephen McPhail
0%
2 2007 Stephen O'Halloran
0%
2 2002 Thomas Butler
0%
6 2007 Wayne Henderson
0%
No matching quizzes found
Score Distribution
Percent of People with Each Score
Percentile by Number Answered
Your Score History
You have not taken this quiz